Statistics for Ariana Grande Songs #1

Click here to take the quiz!

General Stats

  • This quiz has been taken 96 times
    (94 since last reset)
  • The average score is 10 of 15

Answer Stats

QuestionAnswer% Correct
Which of these songs aren't on Dangerous Woman?Better Left Unsaid
86%
Give It Up is a song featured on the show 'Victorious' but who performed the song with Ariana?Liz Gillies
86%
Which album is produced by Pharrell?Sweetener
83%
Ariana was featured on what Troye Sivan song?Dance To This
82%
Ariana has collaborated with a certain artist 6 times. Who is this?Nicki Minaj
82%
Which song does Ariana mention her father?Thank u, next
78%
Ariana previously dated one of her dancers. What was his name?Ricky
75%
Which singer is featured in the God is a Woman music video?Madonna
72%
"And I could sing about cupid and his shooting arrow" Is a line of which Ariana song?Piano
67%
Which song is not included in the Christmas & Chill EP?Santa Tell Me
65%
'If you don't want to do the things I need from you' Is a lyric from which Ariana song?Jason's Song (Gave It Away)
64%
What song did Ariana sing at the Happy Hippie Backyard Session?Don't Dream It's Over
51%
Which Ariana fragrance released in 2016?Sweet Like Candy
49%
Which Ariana Grande fragrance has holographic boxing?Cloud
48%
Which Ariana album has NOT been a #1?Dangerous Woman
23%

Score Distribution

Percentile by Number Answered

Percent of People with Each Score

Your Score History

You have not taken this quiz since the last reset